000 00418nam a2200181Ia 4500
001 4992
005 20260306145835.0
008 260306t2017||||xx |||||||||||||| ||spa||
041 _aESP
082 _a332.6
_bB68
100 _aBodie, Zvie
_eAUT
245 0 _aEssentials of investments
260 _c2017
300 _avarias paginaciones :
_c28 cm.
650 _aGEN
654 _aCAN
942 _cLIB
_dJUS
_fJUS
_2ddc
_n
999 _c4992
_d4992